| 000 | 00755nam a2200289Ia 4500 | ||
|---|---|---|---|
| 005 | 20260324124016.0 | ||
| 008 | 008 260324s9999 xx 000 0 eng d | ||
| 020 | _a9781315571010 | ||
| 037 | _aEBOOK | ||
| 040 | _aCRL | ||
| 040 | _beng | ||
| 040 | _cCRL | ||
| 041 | _2eng | ||
| 041 | _aeng | ||
| 084 | _qCRL | ||
| 100 |
_aMaximilian von Habsburg _91172497 |
||
| 245 | 0 | _aCatholic and Protestant Translations of the Imitatio Christi, 1425–1650 | |
| 245 | 0 | _bFrom Late Medieval Classic to Early Modern Bestseller | |
| 260 | _bTaylor and Francis | ||
| 260 | _c2011 | ||
| 365 | _a | ||
| 365 | _b255 | ||
| 856 | _uhttp://www.taylorfrancis.com/books/9781315571010 | ||
| 942 | _cEBOOK | ||
| 999 |
_c1766508 _d1766508 |
||